• 首页
  • 本馆介绍
  • 公告通知
  • 最新文献
  • 馆藏检索
  • 电子资源
  • 读者导购
  • 参考咨询
  • 我的图书馆
  • 登录
  • 详细信息显示
  • 放入我的书架
  • 预约/预借图书
  • 作者相关作品
  • 分类相关作品
  • 丛书相关作品
  • 出版社相关作品

书目信息

  • 表格格式
  • 工作单格式
  • 卡片格式
题名:
1998年硕士研究生入学考试应试教程
    
 
作者: 林代昭 主编
分册:   政治分册
出版信息: 北京   新华出版社  1997
页数: 306页
开本: 26cm
丛书名:
单 册:
中图分类: G643.6
科图分类:
主题词: 政治课--研究生--入学考试--教材
电子资源:
ISBN: 7-5011-3554-1
000 00690nam0 2200217 45
001 0197036986
005 20070717084653.37
010    @a7-5011-3554-1@dCNY26.00
100    @a19971031d1997 em y0chiy0121 ea
101 0  @achi
102    @aCN@b110000
105    @ay z 000yy
200 10 @a1998年硕士研究生入学考试应试教程@A1998 nian shuo shi yan jiu sheng ru xue kao shi ying shi jiao cheng@i政治分册@f林代昭主编@g考研命题研究组编写
210    @a北京@c新华出版社@d1997
215    @a306页@d26cm
300    @a考研大纲辅导教材
606    @a政治课@x研究生@x入学考试@x教材
690    @aG643.6@v3
701  0 @a林代昭@Alin dai zhao@4主编
801  0 @aCN@bTSSF@c20070717
905    @a10447@dG643.6@e386
    
    1998年硕士研究生入学考试应试教程.政治分册/林代昭主编/考研命题研究组编写.-北京:新华出版社,1997
    306页;26cm
    考研大纲辅导教材
    
    ISBN 7-5011-3554-1:CNY26.00
    
●
相关链接 在E读中查询图书 在五车中查询图书 在当当中查询图书 在豆瓣中查询图书


正题名:1998年硕士研究生入学考试应试教程     索取号:G643.6/386         预约/预借

序号 登录号 条形码 馆藏地/架位号 状态 备注
1 0779367   207793672   第一样本阅览室/ [索取号:G643.6/386] 在馆    
唐山师范学院图书馆 欢迎您!
大连网信软件有限公司© 版权所有